Peces de la reserva ecológica El Canelar, Chiapas, México /

Contenido: Introducción; La reserva ecológica "El Canelar"; Características morfológicas de un pez; Lista de los peces de la reserva ecológica "El Canelar"; Clave dicotómica para la identificación de las especies en la zona de estudio; Familia characidae; Familia cichlidae; Familia heptapteridae; Fa...

وصف كامل

محفوظ في:
التفاصيل البيبلوغرافية
المؤلف الرئيسي: Velázquez-Velázquez, Ernesto (autor)
مؤلفون آخرون: López Vila, Jesús Manuel (autor) (autor), Ruiz Velasco, Julio César (autor) (autor)
التنسيق: كتاب
اللغة:الإسبانية
منشور في: Tuxtla Gutiérrez, México : Universidad de Ciencias y Artes de Chiapas, 2010, c2010
سلاسل:(Jaguar UNICACH)
الموضوعات:
الوسوم: إضافة وسم
لا توجد وسوم, كن أول من يضع وسما على هذه التسجيلة!

MARC

LEADER 00000nam^a2200000^a^4500
001 000303780
005 20250521000000.0
009 20260310112658.428
020 |a 978-607-7510-28-4 
037 |a Acervo ITESO - Biblioteca 
041 |a ESP 
082 |a 597. 09297275  |b VEL 
100 |a Velázquez-Velázquez, Ernesto  |e (autor) 
245 1 0 |a Peces de la reserva ecológica El Canelar, Chiapas, México /  |c E. Velázquez-Velázquez, J.M. López Vila, J.C. Ruiz Velasco. 
264 4 |a Tuxtla Gutiérrez, México :  |b Universidad de Ciencias y Artes de Chiapas,  |c 2010, c2010 
300 |a 50 p. 
336 |a texto  |b txt  |2 rdacontenido 
337 |a sin mediación  |b n  |2 rdamedio 
338 |a volumen  |b nc  |2 rdasoporte 
440 1 |a (Jaguar UNICACH) 
520 |a Contenido: Introducción; La reserva ecológica "El Canelar"; Características morfológicas de un pez; Lista de los peces de la reserva ecológica "El Canelar"; Clave dicotómica para la identificación de las especies en la zona de estudio; Familia characidae; Familia cichlidae; Familia heptapteridae; Familia poeciliidae; Familia profundulidae. 
649 |a XX 
650 |a Peces de Agua Dulce -  |z Chiapas -  |x Tema Principal 
650 |a Peces de Agua Dulce -  |z México 
650 |a Río Grijalva 
650 |a Reservas Ecológicas -  |z Chiapas -  |x Tema Principal 
650 |a Reservas Ecológicas -  |z México 
650 |a Fauna de Agua Dulce 
650 |a Ictiología 
650 |a Zoología 
700 |a López Vila, Jesús Manuel  |e (autor) 
700 |a Ruiz Velasco, Julio César  |e (autor) 
910 |a Fondo General 
920 |a Impresos - Libros 
930 |a Colección General 
905 |a 101 
901 |a 0500190166  |b IT1  |c ACC  |i C124423  |u 20250521 
902 |a https://opac.biblio.iteso.mx/vufind/Record/000303780